Southville International School and Colleges
Your cart is empty.
  • Cart
  • Lists
    Public lists Eva Luna New books Lux_list list_1
    Your lists Log in to create your own lists
  • Log in to your account
  • Your cookies
  • Search history
Southville International School and Colleges
  • Advanced search
  • Recent comments
  • Most popular
  • Libraries

Log in to your account

Log in with GOOGLE


If you do not have an external account, but do have a local account, you can still log in:

  1. Home
  2. MARC view: Pershey the rabbit /
Normal view MARC view ISBD view

Pershey the rabbit / (Record no. 102248)

[ view plain ]
MARC details
000 -LEADER
fixed length control field 00571nam a2200193 a 4500
005 - DATE AND TIME OF LATEST TRANSACTION
control field 20140412111232.0
008 - FIXED-LENGTH DATA ELEMENTS--GENERAL INFORMATION
fixed length control field 010523s19uu xx 00 eng d
020 ## - INTERNATIONAL STANDARD BOOK NUMBER
International Standard Book Number 1-56293-342-6
050 ## - LIBRARY OF CONGRESS CALL NUMBER
Classification number ER
Item number Pe43 1993
100 ## - MAIN ENTRY--PERSONAL NAME
Personal name Eldrid, Brenda Martin
245 ## - TITLE STATEMENT
Title Pershey the rabbit /
Statement of responsibility, etc by Brenda Martin Eldrid; illustrated by County Studio.
260 ## - PUBLICATION, DISTRIBUTION, ETC. (IMPRINT)
Place of publication, distribution, etc New York :
Name of publisher, distributor, etc McClanahan Book Company, Inc,
Date of publication, distribution, etc 1993.
300 ## - PHYSICAL DESCRIPTION
Extent 1v. (unp.) ; ill.
440 ## - SERIES STATEMENT/ADDED ENTRY--TITLE
Title Storytime Books
650 ## - SUBJECT ADDED ENTRY--TOPICAL TERM
Topical term or geographic name as entry element Children's stories
650 ## - SUBJECT ADDED ENTRY--TOPICAL TERM
Topical term or geographic name as entry element Rabbit-Fiction
Holdings
Withdrawn status Lost status Damaged status Home library Current library Shelving location Date acquired Source of acquisition Total Checkouts Full call number Barcode Date last seen Price effective from Koha item type
      Elizalde Library Elizalde Library Easy Reading Section 05/23/2001     ER Pe43 1993 E1028 04/12/2014 04/12/2014 Books
      Elizalde Library Elizalde Library Easy Reading Section 08/10/2001     ER Pe43 1993 E3224 04/12/2014 04/12/2014 Books

Pershey the rabbit /

APA

Eldrid B. M., . (1993). Pershey the rabbit. New York: McClanahan Book Company, Inc.

Chicago

Eldrid Brenda Martin, . 1993. Pershey the rabbit. New York: McClanahan Book Company, Inc.

Harvard

Eldrid B. M., . (1993). Pershey the rabbit. New York: McClanahan Book Company, Inc.

MLA

Eldrid Brenda Martin, . Pershey the rabbit. New York: McClanahan Book Company, Inc. 1993.

  • Place hold
  • Print
  • Cite
  • Add to your cart (remove)
  • Save record
    BIBTEX Dublin Core MARCXML MARC (non-Unicode/MARC-8) MARC (Unicode/UTF-8) MARC (Unicode/UTF-8, Standard) MODS (XML) RIS
  • More searches
    Search for this title in:
    Other Libraries (WorldCat) Other Databases (Google Scholar) Online Stores (Bookfinder.com) Open Library (openlibrary.org)

Exporting to Dublin Core...

SOUTHVILLE LIBRARY

Southville International School and Colleges Library

1281 Tropical Ave. Cor. Luxembourg St., BF Homes International, Las Pinas City

Tel. No. 8256374 / 252358 Loc. 117/146

Powered by Koha